| 000 | 00835nam a2200241 a 4500 | ||
|---|---|---|---|
| 005 | 20230203064219.0 | ||
| 008 | 160823s2015 ag r 000 0 spa d | ||
| 020 | _a9789871305803 | ||
| 035 | _aUPN01000212500 | ||
| 049 | _aCG | ||
| 050 | 4 |
_aZ716.6 _bA4.3 |
|
| 100 | 1 |
_aAlonso Arévalo, Julio _939363 |
|
| 245 | 1 | 0 |
_aE-books en bibliotecas : _bgestión, tratamiento y aplicaciones / _cJulio Alonso Arévalo, Raquel Gómez Díaz, José Antonio Cordón García. |
| 260 |
_aBuenos Aires : _bAlfagrama, _c2015. |
||
| 300 |
_a441 p. : _bil., gráfs. |
||
| 440 | 0 | _aBiblioteca Alfagrama | |
| 650 | 7 |
_aBibliotecas y publicaciones electrónicas _2 _925184 |
|
| 650 | 4 |
_aLibros electrónicos _912982 |
|
| 700 | 1 |
_aGómez Díaz, Raquel, _ecoaut. |
|
| 700 | 1 |
_aCordón García, José Antonio, _ecoaut. |
|
| 905 | _aLibro | ||
| 999 |
_c184600 _d184600 |
||